MARC details
| 000 -CABECERA |
| campo de control de longitud fija |
04108nam a22003373i 4500 |
| 001 - NÚMERO DE CONTROL |
| campo de control |
991107475361706196 |
| 005 - FECHA Y HORA DE LA ÚLTIMA TRANSACCIÓN |
| campo de control |
20250311143826.0 |
| 006 - CÓDIGOS DE INFORMACIÓN DE LONGITUD FIJA--CARACTERÍSTICAS DEL MATERIAL ADICIONAL |
| campo de control de longitud fija |
m o d | |
| 007 - CAMPO FIJO DE DESCRIPCIÓN FÍSICA--INFORMACIÓN GENERAL |
| campo de control de longitud fija |
cr#cnu|||||||| |
| 008 - DATOS DE LONGITUD FIJA--INFORMACIÓN GENERAL |
| campo de control de longitud fija |
241112s2024 xx o ||||0 eng d |
| 020 ## - NÚMERO INTERNACIONAL ESTÁNDAR DEL LIBRO |
| Número Internacional Estándar del Libro |
9781804550700 |
| 035 ## - NÚMERO DE CONTROL DEL SISTEMA |
| Número de control de sistema |
(MiAaPQ)EBC31354858 |
| 035 ## - NÚMERO DE CONTROL DEL SISTEMA |
| Número de control de sistema |
(Au-PeEL)EBL31354858 |
| 035 ## - NÚMERO DE CONTROL DEL SISTEMA |
| Número de control de sistema |
(CKB)36527736900041 |
| 035 ## - NÚMERO DE CONTROL DEL SISTEMA |
| Número de control de sistema |
(EXLCZ)9936527736900041 |
| 040 ## - FUENTE DE LA CATALOGACIÓN |
| Centro catalogador/agencia de origen |
MiAaPQ |
| Lengua de catalogación |
eng |
| Normas de descripción |
rda |
| -- |
pn |
| Centro/agencia transcriptor |
MiAaPQ |
| Centro/agencia modificador |
MiAaPQ |
| 050 #4 - SIGNATURA TOPOGRÁFICA DE LA BIBLIOTECA DEL CONGRESO |
| Número de clasificación |
HD45.2 |
| 100 ## - ENTRADA PRINCIPAL--NOMBRE DE PERSONA |
| Nombre de persona |
H. Tabaghdehi, S. Asieh. |
| 9 (RLIN) |
24856 |
| 245 10 - MENCIÓN DE TÍTULO |
| Título |
Business Strategies and Ethical Challenges in the Digital Ecosystem. |
| 250 ## - MENCIÓN DE EDICIÓN |
| Mención de edición |
First edition |
| 264 #1 - PRODUCCIÓN, PUBLICACIÓN, DISTRIBUCIÓN, FABRICACIÓN Y COPYRIGHT |
| Producción, publicación, distribución, fabricación y copyright |
Leeds : |
| Nombre del de productor, editor, distribuidor, fabricante |
Emerald Publishing Limited, |
| Fecha de producción, publicación, distribución, fabricación o copyright |
2024. |
| 264 #4 - PRODUCCIÓN, PUBLICACIÓN, DISTRIBUCIÓN, FABRICACIÓN Y COPYRIGHT |
| Fecha de producción, publicación, distribución, fabricación o copyright |
2025. |
| 300 ## - DESCRIPCIÓN FÍSICA |
| Extensión |
xxi, 379 pages |
| 505 0# - NOTA DE CONTENIDO CON FORMATO |
| Nota de contenido con formato |
Cover — Business Strategies and Ethical Challenges in the Digital Ecosystem <br/>Endorsements — Business Strategies and Ethical Challenges in the Digital Ecosystem <br/>Copyright Page — Contents — List of Figures and Tables — About the Editors — About the Contributors <br/><br/>1. Introduction: Business Strategies and Ethical Challenges in the Digital Ecosystem <br/><br/>I — The Landscape of Smart Technology and Digital Innovation <br/><br/>2. The Duality of Smart Technology <br/>— Abstract <br/>— Introduction: Unravelling the Impact of Smart and Connected Technology — Evaluating the Shift in Society <br/>— Inclusivity and Vulnerability: the Impact of Smart Technology on Diverse Groups in Society <br/>— Unavailability of Technology <br/>— Inability to Use the Technology <br/>— Consequences of Using the Technology <br/>— Extended Strategies for Encouraging Safe, Secure and Human Rights-Compliant Design <br/>— Beyond Conventional Standards <br/>— Proactive Risk Assessment <br/>— Implementing Push and Pull Mechanisms <br/>— Addressing Short- and Long-Term Risks in the Digital Landscape <br/>— Short-Term and Long-Term Cyber Risks <br/>— Data Ownership and De Facto Monopolies <br/>— Developing Digital Literacy and Safer Technology Use <br/>— Influence of Geopolitical Concerns on Domestic Consumers <br/>— Consumer Brand Preferences and Sociopolitical Stance <br/>— Influencing Preferences Through Economic and Performance Factors <br/>— Conclusion <br/>— Case Study — Navigating the Digital Divide: Unravelling the Complexities of Smart Technology Adoption <br/>— Case Study Questions <br/>— Key Terms and Definitions <br/>— References <br/><br/>3. Innovation Ambidexterity Bibliometric Analysis: Is Technovation Ambidexterity a New Agenda in Future Study? <br/>— Abstract <br/>— Introduction <br/>— Overview of Technovation Ambidexterity <br/>— Ambidextrous Innovation <br/>— Technovation Ambidexterity <br/>— Method <br/>— Results <br/>— Most Cited Studies <br/>— The Most Influential Authors. |
| 520 ## - SUMARIO, ETC. |
| Sumario, etc. |
The emergence of new digital technologies, awareness of corporate social responsibility, and the greater need for innovation and problem-solving skills are becoming a de-facto part of the everyday management agenda. A key question to be answered in these turbulent times is, how is it possible for corporations to incorporate safety, security, and satisfaction of stakeholders in the design of their business models while they are struggling to achieve sustainability goals related to the environment and climate change?<br/><br/>The chapters in Business Strategies and Ethical Challenges in the Digital Ecosystem act as a forum for examining current and future trends related to management and technological adoption. The research encourages academics and practitioners to use a multi-disciplinary approach to boldly bring together bodies of related knowledge to produce new insights exploring digital business strategy and industry 5.0, changing consumer behaviour, sustainability, marketing, ethics, data security and much more.<br/><br/>The findings are relevant and useful for academics, researchers, policy makers and management executives. |
| 650 #0 - PUNTO DE ACCESO ADICIONAL DE MATERIA--TÉRMINO DE MATERIA |
| Término de materia o nombre geográfico como elemento de entrada |
Business ethics |
| 9 (RLIN) |
3022 |
| 650 #0 - PUNTO DE ACCESO ADICIONAL DE MATERIA--TÉRMINO DE MATERIA |
| Término de materia o nombre geográfico como elemento de entrada |
Social responsibility |
| 9 (RLIN) |
872 |
| 650 #0 - PUNTO DE ACCESO ADICIONAL DE MATERIA--TÉRMINO DE MATERIA |
| Término de materia o nombre geográfico como elemento de entrada |
Digitalization |
| 9 (RLIN) |
7985 |
| 700 ## - ENTRADA AGREGADA--NOMBRE PERSONAL |
| Nombre de persona |
Foroudi, Pantea. |
| 9 (RLIN) |
24857 |
| 942 ## - ELEMENTOS DE ENTRADA AGREGADA (KOHA) |
| Fuente del sistema de clasificación o colocación |
Clasificación de Library of Congress |